Witnessing to students : (Record no. 94993)

MARC details
000 -LEADER
fixed length control field 00771nam a22002177a 4500
005 - DATE AND TIME OF LATEST TRANSACTION
control field 20230630102508.0
010 ## - LCCN (DPL NO)
LC control number ENG-113505 ENG-137220
020 ## - INTERNATIONAL STANDARD BOOK NUMBER
Terms of availability 425.00
International Standard Book Number 9789351480501
020 ## - INTERNATIONAL STANDARD BOOK NUMBER
Terms of availability 425.00
International Standard Book Number 935148050x
035 ## - SYSTEM CONTROL NUMBER
System control number EN-97037 EN-120752
037 ## - SOURCE OF ACQUISITION
Source of stock number/acquisition DBAD/PUB
082 ## - DEWEY DECIMAL CLASSIFICATION NUMBER
Classification number 269.20954
100 ## - MAIN ENTRY--PERSONAL NAME
Personal name Venkateswara Rao, Potana
245 ## - TITLE STATEMENT
Title Witnessing to students :
Remainder of title efficacy of UESI in India /
Statement of responsibility, etc by Potana Venkteswara Rao ; foreworded by Atul Y. Aghamkar
260 ## - PUBLICATION, DISTRIBUTION, ETC. (IMPRINT)
Place of publication, distribution, etc New Delhi
Name of publisher, distributor, etc Christian World Imprints
Date of publication, distribution, etc 2015
270 ## - ADDRESS
Address H-12 Bali Nagar
City New Delhi
Postal code 110015
300 ## - PHYSICAL DESCRIPTION
Extent 114p.
Dimensions 21cm(pbk)
490 ## - SERIES STATEMENT
Series statement Christian heritage rediscovered-16
500 ## - GENERAL NOTE
General note Includes bibliographical references and index
942 ## - ADDED ENTRY ELEMENTS (KOHA)
Source of classification or shelving scheme Dewey Decimal Classification
Item type English Books
Call number suffix VEN
Classification part 269.20954
Holdings
Withdrawn status Lost status Not for loan Collection code Home library Current library Date acquired Source of acquisition Cost, normal purchase price Full call number Barcode Copy number Cost, replacement price Koha item type
      Non-fiction Bawana Bawana 30/06/2023 DBAD/PUB 425.00 269.20954 VEN EN-120752 1 425.00 English Books
    Not For Loan Non-fiction D.B.Act.Division D.B.Act.Division 16/07/2015 DBAD/PUB 160.00 269.20954 VEN EN-97037 1 160.00 English Books

© Delhi Public Library
Hit Counter
free hit counter